An educator's guide for drug education in the elementary school,
Saved in:
| Main Author: | |
|---|---|
| Corporate Author: | |
| Other Authors: | , |
| Format: | Book |
| Language: | English |
| Published: |
New York,
Evans; dist. in association with Lippincott
[1971]
|
| Subjects: | |
| Tags: |
Add Tag
No Tags, Be the first to tag this record!
|
| LEADER | 00909cam a2200265I 4500 | ||
|---|---|---|---|
| 001 | 014097322-2 | ||
| 005 | 20140617131019.0 | ||
| 008 | 780816s1971 nyua 000 0 eng d | ||
| 035 | 0 | |a ocm04145955 | |
| 040 | |a TUN |b eng |c TUN |d OCL |d OCLCQ |d OCLCF | ||
| 050 | 4 | |a HV5801 |b .W4 | |
| 100 | 1 | |a Weldon, Barbara. | |
| 245 | 1 | 3 | |a An educator's guide for drug education in the elementary school, |c by Barbara and Frank Weldon. |
| 260 | |a New York, |b Evans; dist. in association with Lippincott |c [1971] | ||
| 300 | |a 47 p. |b ill. |c 23 cm. | ||
| 500 | |a Manual to be used with The good drug and the bad drug, by John S. Marr. | ||
| 650 | 0 | |a Drug abuse. | |
| 650 | 7 | |a Drug abuse. |2 fast | |
| 710 | 2 | |a Julio Mario Santo Domingo Collection. |5 wid | |
| 700 | 1 | |a Weldon, Frank, |e joint author. | |
| 700 | 1 | |a Marr, John S. |t Good drug and the bad drug. | |
| 899 | |a GIFT_415_SANTOD | ||
| 988 | |a 20140617 | ||
| 049 | |a HLSS | ||
| 906 | |0 OCLC | ||


